000 00604nam a22002177a 4500
999 _c7134
_d7134
003 AR-CdUCM
008 190320b ||||| |||| 00| 0 spa d
040 _aMUNICIPALIDAD PROVINCIAL DEL CUSCO
_cBIBLIOTECA MUNICIPAL DEL CUSCO
041 _hger
082 _a838.917 /
_bZ98
100 _aZweig, Stefan
_910851
245 _aVerhaeren /
260 _aBuenos Aires :
_bEdiciones Renovación.
300 _a188 páginas ;
_c18 cm.
500 _aDonación de la familia Nieto.
650 _aEnsayos
_9375
650 _aAustria
_920112
650 _aSiglo XX
_98
942 _2ddc
_cLIBROS
945 _araen